000 00326nam a22001337a 4500
008 170516b xxu||||| |||| 00| 0 eng d
020 _a9781400030972
041 _aeng
080 _a94(100)
100 _a16
101 _ashh
245 _aA HISTORY OF THE JEWS IN THE MODERN WORLD
_cSACHAR.H.M
942 _2udc
_cBK
999 _c13417
_d13417